Statistiques concernant Focus sur: Lúthien - Tolkien

Cliquez ici pour prendre le quiz!

Statistiques générales

  • Ce quiz a été pris 14 fois
  • Le résultat moyen est 10 sur 16

Statistiques - réponses

Informations recherchéesRéponses% Correct
EspèceElfe
100%
Age durant lequel elle vécutPremier
100%
Première apparitionLe Silmarillion
93%
Groupe de l'espèceSindar
86%
Couleur des cheveuxSombre/Brun
79%
EpouxBeren
64%
RoyaumeDoriath
64%
CitéMenegroth
64%
PèreThingol
64%
MèreMelian
57%
Profession et titrePrincesse de Doriath
57%
FilsDior
50%
Autres noms et surnomsTinúviel
36%
Contrée (ultérieurement)Ossiriand
29%
Ile (ultérieurement)Tol Galen
7%
Fíriel
0%

Distribution des résultats

Percentile par nombre de réponses

% des personnes avec chaque résultat

Votre développement - résultats

Vous n’avez pas pris ce quiz